000 00527nam a2200205 4500
003 OSt
005 20260601193903.0
008 260508b2003 |||a|||| |||| 001 0 spa d
020 _a8493211656
040 _aICI
_bspa
_cICI
_erda
050 _aNC997
_b.B34
100 _aUbeda, Ramón
_eDir
245 _aBD Ediciones de Diseño
264 _aEspaña
_bLínea editorial
_c2003
300 _a95 páginas
336 _2rdacontent
_atexto
337 _2rdamedia
_asin medio
338 _2rdacarrier
_avolumen
942 _2lcc
_n1
_cB
999 _c22329
_d22329